Statistics for F1 Quiz

Click here to take the quiz!

General Stats

  • This quiz has been taken 74 times
  • The average score is 11 of 15

Answer Stats

QuestionAnswer% Correct
How many World Championships has Lewis Hamilton won7
95%
Who was the 2021 World ChampionVerstappen
95%
What team did Lewis Hamilton debut for in 2007McLaren
91%
How many championships has Sebastian Vettel gotten4
89%
When did Nico Rosberg retire from the sport2016
88%
What team did Sebastian Vettel debut for in 2007Toro Rosso
86%
When did Sebastian Vettel go to Ferrari2015
78%
When was Michael Schumacher's final drivers title2004
75%
Where did McLaren finish in the constructor standings4
73%
What year did Kimi Raikkonen get his first win the drivers championship2007
69%
How many constructor championships have Mercedes won consecutively8
69%
How many wins has Hamilton gotten from 2021103
67%
When did Mark Webber retire2013
63%
When was the hottest F1 race in historyBahrain 2005
59%
How many constructor titles have Ferrari won in total from 202116
48%

Score Distribution

Percentile by Number Answered

Percent of People with Each Score

Your Score History

You have not taken this quiz